003950000a2200085000450024501370000004100140013770000300015110000220018177301060020310aEndemismo y otras singularidades de la Sierra Nevada de Santa Marta, Colombia. Posibles causas de origen y necesidad de conservarlos0 aEspañol1 aLozano Contreras, Gustavo1 aCarbonó, Eduino1 tRevista de la Academia Colombiana de Ciencias Exactas, Fisicas y Naturales332h81q409-419d1997g21